Gandhiji's teachings and philosophy. (Record no. 56737)

MARC details
000 -LEADER
fixed length control field 00633cam a22002291a 4500
001 - CONTROL NUMBER
control field sa 64001418
003 - CONTROL NUMBER IDENTIFIER
control field DLC
005 - DATE AND TIME OF LATEST TRANSACTION
control field 20260227112002.0
008 - FIXED-LENGTH DATA ELEMENTS--GENERAL INFORMATION
fixed length control field 830323s1963 ii 000 0beng
010 ## - LIBRARY OF CONGRESS CONTROL NUMBER
LC control number sa 64001418
025 ## - OVERSEAS ACQUISITION NUMBER
Overseas acquisition number PL480:I-E-2455
035 ## - SYSTEM CONTROL NUMBER
System control number (OCoLC)9339522
040 ## - CATALOGING SOURCE
Original cataloging agency DLC
Transcribing agency HU
Modifying agency HU
-- DLC
042 ## - AUTHENTICATION CODE
Authentication code premarc
050 00 - LIBRARY OF CONGRESS CALL NUMBER
Classification number DS481.G3
Item number R264
100 1# - MAIN ENTRY--PERSONAL NAME
Personal name Rajagopalachari, C.
Fuller form of name (Chakravarti),
Dates associated with a name 1878-1972.
245 10 - TITLE STATEMENT
Title Gandhiji's teachings and philosophy.
250 ## - EDITION STATEMENT
Edition statement 1st ed.
260 ## - PUBLICATION, DISTRIBUTION, ETC.
Place of publication, distribution, etc. Bombay :
Name of publisher, distributor, etc. Bharatiya Vidya Bhavan,
Date of publication, distribution, etc. 1963.
300 ## - PHYSICAL DESCRIPTION
Extent 34 p. ;
Dimensions 19 cm.
600 10 - SUBJECT ADDED ENTRY--PERSONAL NAME
Personal name Gandhi,
Titles and other words associated with a name Mahatma,
Dates associated with a name 1869-1948.

No items available.

Powered by Koha